Welcome to CU Library Online Public Access Catalogue (OPAC)

THE USE OF ENGLISH FOR HIGHER EDUCATION (Record no. 2433)

MARC details
000 -LEADER
fixed length control field 00419nam a22001457a 4500
005 - DATE AND TIME OF LATEST TRANSACTION
control field 20241218101234.0
008 - FIXED-LENGTH DATA ELEMENTS--GENERAL INFORMATION
fixed length control field 241218b |||||||| |||| 00| 0 eng d
020 ## - INTERNATIONAL STANDARD BOOK NUMBER
International Standard Book Number 9789781754028
050 ## - LIBRARY OF CONGRESS CALL NUMBER
Classification number PE69
Item number .OL9 USE
245 ## - TITLE STATEMENT
Title THE USE OF ENGLISH FOR HIGHER EDUCATION
Statement of responsibility, etc. EDITED BY B. O. A. OLUIKPE
260 ## - PUBLICATION, DISTRIBUTION, ETC.
Place of publication, distribution, etc. ABUJA
Name of publisher, distributor, etc. AFRICANA FIRST PUBLISHERS
Date of publication, distribution, etc. c1981
300 ## - PHYSICAL DESCRIPTION
Extent ix,422p
700 ## - ADDED ENTRY--PERSONAL NAME
Personal name OLUIKPE, B.O.A.
942 ## - ADDED ENTRY ELEMENTS (KOHA)
Source of classification or shelving scheme Library of Congress Classification
Koha item type Books
Suppress in OPAC No
999 ## -
-- 2433
-- 2433
Holdings
Withdrawn status Lost status Source of classification or shelving scheme Damaged status Not for loan Collection Home library Current library Shelving location Date acquired Total checkouts Full call number Barcode Date last seen Copy number Price effective from Koha item type
    Library of Congress Classification     Non-fiction Undergraduate Library (Christ Temple) Undergraduate Library (Christ Temple) General stacks 12/18/2024   PE69.OL9 USE ulct00000698 12/18/2024 1 12/18/2024 Books
    Library of Congress Classification     Non-fiction Undergraduate Library (Christ Temple) Undergraduate Library (Christ Temple) General stacks 12/18/2024   PE69.OL9 USE ulct00000699 12/18/2024 2 12/18/2024 Books
    Library of Congress Classification     Non-fiction Undergraduate Library (Christ Temple) Undergraduate Library (Christ Temple) General stacks 12/18/2024   PE69.OL9 USE ulct00000700 12/18/2024 3 12/18/2024 Books
    Library of Congress Classification     Non-fiction Undergraduate Library (Christ Temple) Undergraduate Library (Christ Temple) General stacks 12/18/2024   PE69.OL9 USE ulct00000701 12/18/2024 4 12/18/2024 Books
    Library of Congress Classification     Non-fiction Undergraduate Library (Christ Temple) Undergraduate Library (Christ Temple) General stacks 12/18/2024   PE69 USE ulct00000702 12/18/2024 1 12/18/2024 Books
    Library of Congress Classification     Non-fiction Undergraduate Library (Christ Temple) Undergraduate Library (Christ Temple) General stacks 12/18/2024   PE69 USE ulct00000703 12/18/2024 2 12/18/2024 Books
    Library of Congress Classification     Non-fiction Undergraduate Library (Christ Temple) Undergraduate Library (Christ Temple) General stacks 12/18/2024   PE69 USE ulct00000704 12/18/2024 3 12/18/2024 Books
    Library of Congress Classification     Non-fiction Undergraduate Library (Christ Temple) Undergraduate Library (Christ Temple) General stacks 12/18/2024   PE69 USE ulct00000705 12/18/2024 4 12/18/2024 Books
© 2023-2024 Copyright: Central University Libraries. All Rights Reserved | Created by: Mahone Tech Office